| 000 | 00847nas a2200289 4500 | ||
|---|---|---|---|
| 001 | BR0204710 | ||
| 003 | BR-BrBNA | ||
| 005 | 20231205103239.0 | ||
| 007 | ta | ||
| 008 | 230509b bl.|||p| |||| 00| 00por d | ||
| 040 |
_aBR-BrBNA _bpor _cBiblioteca Nacional de Agricultura |
||
| 041 | _a(Pt) | ||
| 072 | _aP01; U40 | ||
| 100 | 1 | _aJorge, L.A.B. | |
| 100 | 1 | _aMoreira, M.P. | |
| 245 | 1 | _aPadrões da fragmentação do habitat na cuesta de Botucatu (SP) | |
| 650 | _aVEGETAÇÃO NATIVA | ||
| 650 | _aHABITAT | ||
| 650 | _aRECONHECIMENTO DO SOLO | ||
| 650 | _aMAPA | ||
| 650 | _aSENSORIAMENTO REMOTO | ||
| 650 | _aMÉTODO ESTATÍSTICO | ||
| 650 | _aSÃO PAULO | ||
| 773 | 0 |
_tCiência Florestal (Brazil) _xISSN 0103-9954 _g(Jun 2000), v. 10(1) p. 141-157 _wBR0204710 |
|
| 909 |
_a202311 _bLúcia _c55 _dLúcia Elande |
||
| 942 |
_2AGRIS _n0 _cANA |
||
| 999 |
_c171868 _d171868 |
||